[Event "Corus Wijk aan Zee"]
[Site " Wijk aan Zee"]
[Date "2007.01.23"]
[Round "9"]
[White "GM Carlsen, Magnus (NOR)"]
[Black "GM Radjabov, Teimour (AZE) "]
[Result "1/2-1/2"]
[WhiteElo "2690"]
[BlackElo "2729"]
[Annotator "Ðîìàí Äîáðîíîâñêèé "]
[PlyCount "41"]
[EventDate "2007.01.??"]
[EventType "tourn"]
[EventCountry "NED"]
[EventCategory "19"]
[Source "CrestBook.com"]

1. e4 c5 2. Nf3 Nc6 3. d4 cxd4 4. Nxd4 e5 ({Àçåðáàéäæàíñêèé ãðîññìåéñòåð
ÿâëÿåòñÿ îäíèì èç ãëàâíûõ ýêñïåðòîâ è òâîðöîâ òåîðèè â ÷åëÿáèíñêîì âàðèàíòå,
êîòîðûé ìîã âîçíèêíóòü ïîñëå} 4... Nf6 5. Nc3 e5 {Îäíàêî åùå ñâåæè áûëè
âîñïîìèíàíèÿ î ïîåäèíêå ñ Àíàíäîì, ñûãðàííîé â 7 òóðå, ãäå âñþ ïàðòèþ
ïðèøëîñü ïðîâåñòè "ïðèæàâøèñü ê êàíàòàì".}) 5. Nb5 d6 {Âàðèàíò Ñâåøíèêîâà.} ({
Â øàõìàòíóþ ñòàðèíó èãðàëè} 5... a6 6. Nd6+ Bxd6 7. Qxd6 Qf6 8. Qd1 $1 Nge7 9.
Nc3 Qg6 10. h4 $1 {
Âàðèàíò èíòåðåñíûé, íî ðàâåíñòâà ïðè ëó÷øåé èãðå áåëûõ íå îáåùàþùèé.}) 6.
N1c3 ({Ê ïðèíöèïèàëüíî äðóãèì, áîëåå ñóõèì, íî íå ìåíåå ñîäåðæàòåëüíûì
ïîçèöèÿì, ïðèâîäèò ïðîäîëæåíèå â äóõå êëàññè÷åñêîé øêîëû -} 6. c4) 6... a6 7.
Na3 b5 8. Nd5 Nge7 ({
Åùå ìîæíî áûëî âåðíóòüñÿ ê ÷åëÿáèíñêîìó âàðèàíòó ïîñðåäñòâîì} 8... Nf6) ({
Ñòîèò óïîìÿíóòü ïàðòèþ Èâàí÷óê-Ðàäæàáîâ â "îäíè âîðîòà" âûèãðàííóþóêðàèíöåì 
ïîñëå} 8... Nce7 9. Nb4 Bd7 10. c4 a5 11. Nbc2 Nf6 12. Nxb5 Bxb5 13. cxb5 Nxe4
14. Be3 d5 15. b6 f5 16. Qe2 Kf7 17. O-O-O Qd7 18. Kb1 Qe6 19. f3 Nd6 20. f4
Nc4 21. fxe5 Rb8 22. g4 f4 23. Qf3 g5 24. Bxc4 dxc4 25. h4 Qc6 26. e6+ Kg6 27.
Qf2 Qxe6 28. Bd4 Bg7 29. hxg5 Rbd8 30. Rde1 Qd6 31. Bc5 Qd2 32. Re6+ {
1-0 (Ivanchuk,V (2705) - Radjabov,T (2663)/Mallorca 2004).}) 9. c4 ({Àâòîð ýòèõ
ñòðîê íåêîòîðîå âðåìÿ ïðèìåíÿë äàííûé âàðèàíò è ðåãóëÿðíî ïîëó÷àë äàðìîâûå
î÷êè ïîñëå} 9. Bg5 f6 10. Qh5+ $2 g6 $1 11. Nxf6+ Kf7 {
è çäåñü âûÿñíÿåòñÿ, ÷òî áåëûå íå ìîãóò èçáåæàòü ìàòåðèàëüíûõ ïîòåðü -} 12. Qh4
(12. Qf3 Nd4 13. Qd1 Ne6 14. Bh4 g5 15. Qf3 gxh4 16. Nd7+ Kg8 17. Nf6+ Kg7 18.
Nh5+ Kh6) 12... h6 13. Nd5 {(âðîäå áû âûøåë è äàæå ñ òðîôåÿìè)} hxg5 $1 14.
Qxh8 Qa5+ 15. c3 Bg7 16. Qh7 Be6 {ñ âûèãðûøåì ôåðçÿ. Ñëàáûå äóõîì ñäàâàëèñü
ñðàçó, ñèëüíûå - áåçóñïåøíî áîðîëèñü ïîñëå} 17. h4 Rh8 18. Qxh8 Bxh8 19. hxg5)
9... Nxd5 10. exd5 Nd4 11. cxb5 Be7 12. Be3 Nf5 13. Bd2 e4 $1 {Àãðåññèâíîå
ïðîäîëæåíèå. Ñýêîíîìèâ òåìï íà ðîêèðîâêå, ÷¸ðíûå ìåøàþò íîðìàëüíîìó
ðàçâèòèþ ñëîíà f1, ñîáèðàþòñÿ ñ òåìïîì ðàñïîëîæèòü ñâîåãî ÷åðíîïîëüíîãî
ñëîíà íà áîëüøîé äèàãîíàëè, ãäå åãî óæå æä,ò ïåøêà b2 è äðóãèå âêóñíîñòè, à
òàêæå óãðîæàþò ïðîäâèæåíèåì å4-å3. Â ïàðòèÿõ ýëèòíûõ øàõìàòèñòîâ ýòîò õîä äî
ñèõ ïîð íå âñòðå÷àëñÿ...} ({Íåîäíîêðàòíî âñòðå÷àëîñü} 13... O-O 14. Bd3 $1 {
è ïåøêå íåïðîñòî âñòàòü íà å4.}) 14. bxa6 {Áåëûå áåññòðàøíî ñïåøàò çàïàñòèñü
ìàòåðèàëîì - ÷òîáû áûëî ÷òî îòäàòü â òðóäíóþ ìèíóòó.} O-O 15. Be2 Bf6 $1 {
Íàèáîëåå ëîãè÷íûé õîä.} ({"Ïîñëåäîâàòåëüíî" âûãëÿäåëî} 15... e3 $5 {
Îäíàêî ïîñëå õîëîäíîãî} 16. Bxe3 $1 ({Î÷åíü îïàñíî} 16. fxe3 $2 Bh4+ 17. g3
Nxg3 $1 18. hxg3 Bxg3+ 19. Kf1 Qf6+ 20. Bf3 Bxa6+ 21. Kg2 Be5 {
- òàêèå ïîçèöèè èãðàþùåìó áåëûìè ëó÷øå  îñòàâëÿòü äëÿ äîìàøíåãî àíàëèçà.})
16... Nxe3 17. fxe3 Bh4+ 18. g3 Bg5 19. O-O Bxe3+ 20. Kg2 {äàëåêî íå ôàêò,
÷òî èíèöèàòèâà ÷åðíûõ ïîëíîñòüþ êîìïåíñèðîâàëà ìàòåðèàëüíóþ íåäîñòà÷ó.})
16. Nc4 $1 {
Ïðåäïî÷èòàÿ îòäàòü íàãðàáëåííîå ïî-õîðîøåìó, íî çàêîí÷èòü ðàçâèòèå.} ({
Î÷åíü íåïðèÿòíî èãðàòü áåëûìè ïîñëå} 16. Rb1 $6 Bxa6 ({
Íåïëîõî  è âñòðåòèâøååñÿ îäíàæäû} 16... Nd4 $5 {, ïîñëå ÷åãî ÷åëîâåê áåç
ðåéòèíãà ÷óòü íå îáûãðàë èãðîêà ñ ÝËÎ çà 2400! À äåëî áûëî òàê:} 17. Bc4 Bxa6
18. Bc3 Nf5 19. Bxf6 Qxf6 20. Bxa6 Rxa6 21. O-O Qg6 22. Qb3 Nd4 23. Qe3 Nf3+
24. Kh1 Ne5 25. Rbc1 Nd3 26. Rc2 Rb8 27. f3 exf3 28. Qxf3 Ne5 29. Qh3 Ng4 30.
Rfc1 h6 31. Qg3 Qf5 32. h3 Nf6 33. Rc6 Raa8 34. Qxd6 Rxb2 35. Nc4 Rbxa2 36. Nb6
Re8 37. Rc8 Rxc8 38. Nxc8 {È òîëüêî óæàñíàÿ îøèáêà} Ne4 $4 {
ïîìåøàëà ñîñòîÿòüñÿ ñåíñàöèè} (38... Kh7 $1) 39. Ne7+) 17. Bxa6 Rxa6 18. O-O
Re8 {: â ëó÷øåì ñëó÷àå îíè îòäåëàþòñÿ ïîòåðåé ïåøåê ôåðçåâîãî ôëàíãà.}) ({
È, êîíå÷íî æå, âåñüìà ñêâåðíî} 16. Bc3 $2 Bxc3+ 17. bxc3 Bxa6 18. Bxa6 Rxa6
19. Nc2 Qg5 20. O-O Nh4 21. Ne3 f5 {ñ ñèëüíåéøåé àòàêîé ó ÷åðíûõ.}) 16... Bxa6
17. O-O Nd4 {Ïîõîæå, ÷òî Ðàäæàáîâ ñ÷èòàë ñâîþ íîâèíêó òîëüêî ñðåäñòâîì äëÿ
ïîëó÷åíèÿ ðàâíîé èãðû.} ({Ê íåáîëüøîìó ïåðåâåñó ÷åðíûõ âåëî} 17... Bxc4 18.
Bxc4 Bxb2 19. Rb1 Qc7 $1 ({Ïîñëå} 19... Be5 {áûëà çàôèêñèðîâàíà áûñòðàÿ íè÷üÿ}
20. Qg4 Qh4 21. h3 Qxg4 22. hxg4 Nd4 23. Rfe1 Nc2 {
1/2-1/2 Malich,B-Liebert,H/Berlin East 1962/EXT 99}) 20. Rxb2 ({
Ñåðüåçíîé îøèáêîé áûëî áû} 20. Bb3 $2 Bd4 {è ïðåèìóùåñòâî êàê ñëîíà d4 íàä
ñëîíîì b3, òàê è ÷åðíûõ íàä áåëûìè íå âûçûâàåò ñîìíåíèé(ãðîçèò ïîêà ïðîñòîå
å4-å3, à íà} 21. Re1 {î÷åíü íåïðèÿòíî} Qa7) 20... Qxc4 21. Qb3 {è çäåñü ëèáî}
Qd4 $5 ({ëèáî} 21... Rfc8 $5 {
Ïîñëåäíåå ìíå íðàâèòñÿ ìåíüøå - ýíäøïèëü áåëûå íàâåðíÿêà óäåðæàò.})) 18. Rc1
Bb5 {Ôîðñèðóÿ íè÷åéíóþ ðàçâÿçêó.} ({Î÷åíü íåïëîõî âûãëÿäèò äëÿ ÷åðíûõ è} 
18... Nxe2+ 19. Qxe2 Bxb2 20. Rc2 Rc8 21. Qxe4 ({
Ñëèøêîì ñòðàøíî äëÿ èñïîëíåíèÿ áåëûìè} 21. Rb1 Be5 22. Qxe4 f5 23. Qe2 Re8 {
è ïîçèöèÿ ÷åðíûõ áëèçêà ê âûèãðàííîé.}) 21... Re8 22. Qd3 Qc7 ({
Çàñëóæèâàåò âíèìàíèÿ òàêæå} 22... f5 $5 {ñ íåïðèÿòíîé óãðîçîé 23...Ëå4!}) 23.
Qb3 (23. Rxb2 $6 Bxc4 24. Qc2 Bxf1 {ïðîèãðûâàåò êà÷åñòâî}) 23... Bxc4 24. Qxb2
Qc5) 19. Bc3 (19. a3 $6 Nxe2+ 20. Qxe2 Bxb2 21. Rc2 Bxa3 22. Qxe4 Bc5 {
è áåëûì åùå ïðèäåòñÿ ïîðàáîòàòü íàä äîñòèæåíèåì íè÷üåé.}) 19... Nxe2+ 20. Qxe2
Rxa2 21. Qxe4 ({È Ìàãíóñ ïðåäëîæèë íè÷üþ, íå äîæèäàÿñü} 21. Qxe4 Re8 22. Qd3
Bxc3 23. Qxc3 (23. bxc3 $4 Ra4) 23... Bxc4 24. Qxc4 Rxb2) 1/2-1/2

[Event "Corus Wijk aan Zee"]
[Site " Wijk aan Zee"]
[Date "2007.01.23"]
[Round "9"]
[White "GM Svidler, Peter (RUS)"]
[Black "GM Kramnik, Vladimir (RUS) "]
[Result "1/2-1/2"]
[WhiteElo "2728"]
[BlackElo "2766"]
[Annotator "Ðîìàí Äîáðîíîâñêèé "]
[PlyCount "41"]
[EventDate "2007.01.??"]
[EventType "tourn"]
[EventCountry "NED"]
[EventCategory "19"]
[Source "CrestBook.com"]

1. e4 e5 2. Nf3 Nf6 {Â ïîñëåäíåå âðåìÿ ñòàëè õîäèòü óïîðíûå òîëêè î
íåâîçìîæíîñòè âûèãðàòü ó Êðàìíèêà â ðóññêîé ïàðòèè. Íî Ï,òð, êàê ìû âèäèì, íå
áîèòñÿ ëåãåíä, à âîçìîæíî ñåðäöå åìó ãðååò ïàìÿòü î áëåñòÿùåé ïîáåäå (èìåííî â
ðóññêîé ïàðòèè!), îäåðæàííîé áîëüøå ãîäà íàçàä íà Ñóïåðôèíàëå ÷åìïèîíàòà
Ðîññèè.} 3. Nxe5 d6 4. Nf3 Nxe4 5. d4 ({Â óêàçàííîé ïàðòèè Ñâèäëåð èãðàë} 5.
Nc3) 5... d5 6. Bd3 Bd6 ({Êðàìíèê - ãëàâíûé ñïåöèàëèñò ïî âàðèàíòó} 6... Be7 7.
O-O Nc6 {Òàê ñðàçó è íå ïðèïîìíèøü - ïðîèãðûâàë ëè îí êîìó-òî çäåñü âîîáùå...})
7. O-O O-O 8. c4 c6 9. Re1 Bf5 {Â ìîåé áàçå åñòü 136 ïàðòèé, ãäå âñòðåòèëñÿ
ýòîò õîä. Âû ñåé÷àñ ñìîòðèòå 137þ, îäíó èç ñàìûõ áåñöâåòíûõ â èñòîðèè
âàðèàíòà.} 10. Qb3 ({×àùå âñòðå÷àåòñÿ} 10. Nc3 {
, íî íà ýòîì íàïðàâëåíèè ÷åðíûå óñïåøíî äåðæàò îáîðîíó.}) ({
, à íàèáîëåå îáåùàþùèì äëÿ áåëûõ ïðîäîëæåíèåì ìíå ïðåäñòàâëÿåòñÿ} 10. Qc2 $5)
10... Qd7 {Ðåäêèé õîä.} ({Îáû÷íîå ïðîäîëæåíèå çäåñü} 10... Na6) 11. Nc3 Nxc3
12. Bxf5 Qxf5 13. bxc3 ({Íè÷åãî íå äàåò} 13. Qxb7 Qd7 $1 {
è íàäî ñîãëàøàòüñÿ íà} 14. Qxd7 ({Ïîòîìó ÷òî íèêóäà íå ãîäèòñÿ} 14. Qxa8 $2
Na4 $1 (14... Na6 $2 15. Qxf8+ Kxf8 16. bxc3 {âåäåò ê ïåðåâåñó áåëûõ.}) 15. c5
Na6 16. Qxf8+ Bxf8 {ñ ïðåèìóùåñòâîì ÷åðíûõ.}) 14... Nxd7 15. bxc3 dxc4 {
ñ ðàâíûì ýíäøïèëåì.}) 13... b6 14. cxd5 cxd5 15. Ba3 $146 {
Íîâèíêà, îêîí÷àòåëüíî äåìîíñòðèðóþùàÿ, êòî íà ÷òî èãðàåò â ýòîé ïàðòèè.} ({
Â ïðèíöèïå, åñëè ÷åðíûìè èãðàåò íå Êðàìíèê, íè÷üè ïîëó÷àþòñÿ íå âñåãäà.
Âîò ïðèìåð} 15. Qb5 Qd7 16. a4 Rd8 17. g3 Bc7 18. Bg5 f6 19. Bd2 Nc6 20. c4 Ne7
21. Rac1 a6 22. Qxd7 Rxd7 23. c5 Kf7 24. Bb4 bxc5 25. Bxc5 Nf5 26. Rb1 Ba5 27.
Re2 h5 28. Rb3 g5 $2 {è òóò èçÿùíûì óäàðîì áåëûå âûèãðàëè ïåøêó -} 29. Nxg5+ $1
{, à âïîñëåäñòâèè è ïàðòèþ (Adams,M-Morozevich,A/Wijk aan Zee 2005 1-0).})
15... Bxa3 16. Qxa3 Nc6 17. h3 Qd7 18. Ne5 Nxe5 19. Rxe5 Rae8 20. Rae1 Re6 $1 {
Íå äàâàÿ áåëûì ëàäüÿì âîðâàòüñÿ íà å7.} 21. Rxe6 {ÍÈ×Üß.   Íè÷üÿ ÷¸ðíûìè
ïðîòèâ Ïåòðà Ñâèäëåðà - ïðåâîñõîäíûé èòîã ïàðòèè äëÿ ëþáîãî èãðîêà, íî,
ïîñìîòðåâ î÷åðåäíîé òàêîé âîò «ñóõàðèê» â èñïîëíåíèè ÷åìïèîíà ìèðà,
íà÷èíàåøü ïîíèìàòü íåêîòîðûõ åãî íåäîáðîæåëàòåëåé...} 1/2-1/2

[Event "Corus Wijk aan Zee"]
[Site " Wijk aan Zee"]
[Date "2007.01.24"]
[Round "10"]
[White "GM Motylev, Alexander(RUS)"]
[Black "GM Kramnik, Vladimir (RUS) "]
[Result "1/2-1/2"]
[WhiteElo "2647"]
[BlackElo "2766"]
[Annotator "Ðîìàí Äîáðîíîâñêèé "]
[PlyCount "33"]
[EventDate "2007.01.??"]
[EventType "tourn"]
[EventCountry "NED"]
[EventCategory "19"]
[Source "CrestBook.com"]

{Çàïàñ îðèãèíàëüíûõ ïðåäèñëîâèé ê ðóññêîé ïàðòèè â èñïîëíåíèè Êðàìíèêà
ïîñòåïåííî èññÿêàåò. Ïîýòîìó íà÷íó ñåãîäíÿ ñ ïðîãíîçà: áóäåò áåçîáèäíàÿ
íîâèíêà ñî ñòîðîíû áåëûõ, ÷,òêîå óðàâíåíèå ÷¸ðíûõ, óïðîùåíèÿ è íè÷üÿ íà
20-ì õîäó. ÊËßÍÓÑÜ, ÍÀÏÈÑÀË ÝÒÎ ÄÎ ÏÀÐÒÈÈ!} 1. e4 e5 2. Nf3 Nf6 {Ðóññêàÿ ïàðòèÿ
íàëèöî. Ìîòûë,â - ïðåêðàñíûé çíàòîê ýòîãî ñâåðõïîïóëÿðíîãî â íàøè äíè äåáþòà
çà îáà öâåòà.} 3. Nxe5 d6 4. Nf3 Nxe4 {
Òàê óæå èãðàë íà ýòîì òóðíèðå ïðîòèâ Êðàìíèêà Ñåðãåé Êàðÿêèí. (â 1-ì òóðå).} {
Òàê óæå èãðàë íà ýòîì òóðíèðå ïðîòèâ Êðàìíèêà óêðàèíñêèé þíèîð} 5. Nc3 ({À} 5.
d4 {âñòðåòèëîñü â ïðåäûäóùåì òóðå â ïàðòèè Ñâèäëåð-Êðàìíèê.}) 5... Nxc3 6. dxc3
Be7 7. Be3 ({Óêðàèíñêèé þíèîð èãðàë} 7. Bf4 O-O 8. Qd2 Nd7 9. O-O-O Nc5 10.
Be3 Re8 11. Bc4 Be6 12. Bxe6 Nxe6 13. h4 Qd7 14. Qd3 Qc6 15. Qf5 {îäíàêî ïîñëå}
Qc4 {íè÷åãî íå äîñòèã -} 16. Ng5 Bxg5 17. hxg5 Nf8 18. Kb1 Re5 19. Qd3 Qxd3
20. cxd3 Rae8 21. Rh3 b6 22. Kc2 R5e6 23. Rdh1 f6 24. gxf6 Rxf6 25. d4 d5 26.
Kd3 h6 27. Rh5 c6 28. b3 Rg6 29. Rg1 Nd7 30. g4 Nf6 31. Rh4 Ne4 32. Rh5 Nf6 33.
Rh4 {Íè÷üÿ}) 7... O-O {
È â ýòîé íàñêâîçü èçó÷åííîé è ïåðåèãðàííîé ïîçèöèè ïîñëåäîâàëî} {
È â ýòîé íàñêâîçü èçó÷åííîé è ïåðåèãðàííîé ïîçèöèè ïîñëåäîâàëî} 8. h4 $5 $146
{Áîëåëüùèêè ïóñêàþò âîëíó! Âïåð,ä, Êàçèìèðû÷!} ({Îáû÷íîå ïðîäîëæåíèå} 8. Qd2
) 8... Nd7 9. Ng5 Ne5 ({Ïîêà Êðàìíèê äóìàåò ñûãðàåì äîâåð÷èâî} 9... h6 $2 {
Ñðàçó è íàâñåãäà ïîêàæó, ÷òî âçÿòèåì êîíÿ ÷åðíûå íå ãðîçÿò -} 10. Bd3 ({
Ñèëüíåå} 10. Qd3 $5 {, íî ñðàçó äîãîâîðèìñÿ - ìû ñìîòðèì êîîïåðàòèâ.}) {
è çäåñü åù¸ îäèí àêò ïîñëåäîâàòåëüíîãî ìàçîõèçìà -} 10... hxg5 $4 11. hxg5 g6 (
{Èëè} 11... Bxg5 12. Bh7+ Kh8 13. Be4+ Kg8 (13... Bh6 14. Bxh6 gxh6 15. Qd2 {
è çàêîí÷èëè.}) 14. Qh5 {ñ ëåòàëüíûì äëÿ áîëüíîãî èñõîäîì.}) 12. Qg4 Kg7 {
Ìàòîâûå óãðîçû ïî ëèíèè «h», íà ïåðâûé âçãëÿä, îòáèòû...} {È çäåñü} 13. Rh7+
$3 Kxh7 14. Qh5+ Kg7 15. Qh6+ Kg8 16. Bxg6 $1 fxg6 17. Qxg6+ Kh8 18. O-O-O {
Íîêàóò!}) 10. Qd2 c6 $1 {Îòêðûâàÿ äîðîãó ôåðçþ íà à5 è, â ïåðñïåêòèâå, ãîòîâÿ
ïåøå÷íîå íàñòóïëåíèå íà ôåðçåâîì ôëàíãå.} 11. O-O-O Qa5 {Ñ òåìïîì.} 12. a3 f6
$1 {Åù¸ îäèí ÷,òêèé õîä.} ({Ïîñëå} 12... h6 {áåëûå ìîãëè êðåïêî ïîäóìàòü íàä
æåðòâîé êîíÿ, êîòîðàÿ ñåé÷àñ ÿâíî íåâûãîäíà äëÿ íèõ.}) 13. Nf3 b5 {
×¸ðíûå ïåðâûìè íà÷èíàþò àòàêó.} 14. c4 $1 {Íàèáîëåå ðàçóìíûé õîä - áåëûå
ïåðåâîäÿò èãðó â ÷óòü õóäøåå îêîí÷àíèå, ïîòîìó ÷òî ïðè äðóãèõ îòâåòàõ äî
îêîí÷àíèÿ îíè ìîãëè è íå äîæèòü.} Qxd2+ 15. Nxd2 a6 16. f4 $1 {
Íåìåäëåííî ñãîíÿÿ êîíÿ ñ ñèëüíîé ïîçèöèè.} ({
Äîâîëüíî íåïðÿòíàÿ äëÿ áåëûõ ïîçèöèÿ  âîçíèêàåò ïîñëå} 16. Be2 Be6 17. cxb5
axb5 {, è íåêðàñèâî ñòîÿùèì ôèãóðàì òðóäíî áîðîòüñÿ ñ ïåøå÷íûì øòóðìîì ÷,
ðíûõ íà ôåðçåâîì ôëàíãå.}) 16... Ng4 17. Bg1 $2 {
è çäåñü ïðîèçîøëî íåîæèäàííîå - ñòîðîíû ñîãëàñèëèñü íà íè÷üþ.} ({Ëó÷øå} 17.
Bd4 {è åñëè} c5 18. Re1 Re8 19. Bc3 {è áåëûå ìàëî ÷åì ðèñêóþò.}) (17. Bg1 $2
Bf5 {íà ñòîðîíå ÷¸ðíûõ íåáîëüøîé, íî ÿñíûé ïåðåâåñ: èõ ôèãóðû ðàñïîëîæåíû
êóäà ãàðìîíè÷íåå.  Ïðåäñòîÿëà äîëãàÿ áîðüáà è äàëåêî íå ôàêò, ÷òî Ìîòûë,âó
óäàëîñü áû íåéòðàëèçîâàòü ïëþñû ïîçèöèè ÷¸ðíûõ. Íå áóäó ñòðîãî óïðåêàòü
÷åìïèîíà ìèðà, íî åñëè íå èãðàòü íà âûèãðûø òàêèå ïîçèöèè, òî òðóäíî
ðàññ÷èòûâàòü íà ïîáåäó â ñóïåðòóðíèðå...}) 1/2-1/2